The noble scholar, jurist, historian


 His Excellency Dr. Abdul Wahhab bin Ibrahim Abu Sulaiman, may Allah have mercy on him.


 He was born in Umm Al-Qura in the year 1356 AH.

تاريخ مكة المكرمة التجاري / (Record no. 360)

MARC details
000 -LEADER
fixed length control field 01386cam a2200289 i 4500
003 - CONTROL NUMBER IDENTIFIER
control field SA-RiAUC
005 - DATE AND TIME OF LATEST TRANSACTION
control field 20250404145952.0
008 - FIXED-LENGTH DATA ELEMENTS--GENERAL INFORMATION
fixed length control field 240916s1998 su b g 01010 ara c
020 ## - INTERNATIONAL STANDARD BOOK NUMBER
International Standard Book Number 9960829065
040 ## - CATALOGING SOURCE
Original cataloging agency SA-RiAUC
Language of cataloging ara
Transcribing agency SA-RiAUC
Description conventions rda
043 ## - GEOGRAPHIC AREA CODE
Geographic area code a-su---
082 04 - DEWEY DECIMAL CLASSIFICATION NUMBER
Classification number 953.121
Item number ز ه ر
Assigning agency SA-RiAUC
100 1# - MAIN ENTRY--PERSONAL NAME
Personal name الزهراني، ضيف الله بن يحيى علي،
Dates associated with a name 1374 هجري-
Relator term مؤلف.
245 10 - TITLE STATEMENT
Title تاريخ مكة المكرمة التجاري /
Statement of responsibility, etc. ضيف الله بن يحيى علي الزهراني، عادل محمد نور غباشي.
250 ## - EDITION STATEMENT
Edition statement الطبعة الأولى.
264 #1 - PRODUCTION, PUBLICATION, DISTRIBUTION, MANUFACTURE, AND COPYRIGHT NOTICE
Place of production, publication, distribution, manufacture مكة المكرمة :
Name of producer, publisher, distributor, manufacturer الغرفة التجارية الصناعية، اللجنة العليا المنظمة للاحتفال،
Date of production, publication, distribution, manufacture, or copyright notice 1998
300 ## - PHYSICAL DESCRIPTION
Extent 204 صفحة :
Other physical details خريطة مطوية ؛
Dimensions 24 سم
336 ## - CONTENT TYPE
Content type term نص
Content type code txt
Source rdacontent
Materials specified كتاب
337 ## - MEDIA TYPE
Media type term بدون وسيط
Media type code n
Source rdamedia
338 ## - CARRIER TYPE
Carrier type term مجلد
Carrier type code nc
Source rdacarrier
500 ## - GENERAL NOTE
General note أعدت هذه الدراسة بمناسبة احتفال الغرفة بمرور خمسين عاما على تأسيسها.
651 #7 - SUBJECT ADDED ENTRY--GEOGRAPHIC NAME
Geographic name مكة المكرمة
General subdivision التجارة
-- تاريخ
Source of heading or term aucsh
651 #7 - SUBJECT ADDED ENTRY--GEOGRAPHIC NAME
Geographic name السعودية
General subdivision التجارة
-- تاريخ
Source of heading or term aucsh
700 1# - ADDED ENTRY--PERSONAL NAME
Personal name غباشي، عادل محمد نور
Relator term مؤلف.
942 ## - ADDED ENTRY ELEMENTS (KOHA)
Source of classification or shelving scheme Dewey Decimal Classification
Koha item type Books
949 ## - LOCAL PROCESSING INFORMATION (OCLC)
a SA-JeALM
d 240916
u mohamedma123
n 1
Holdings
Withdrawn status Lost status Source of classification or shelving scheme Damaged status Not for loan Home library Current library Date acquired Total checkouts Full call number Barcode Date last seen Price effective from Koha item type Collection
    Dewey Decimal Classification     DR AbdElwahab Library DR AbdElwahab Library 09/17/2024   953.121 زهـ ر 000000479 09/17/2024 09/17/2024 Books  
    Dewey Decimal Classification     DR AbdElwahab Library DR AbdElwahab Library 10/03/2024   953.121 زهـ ر 000001186 10/03/2024 10/03/2024 Books  
    Dewey Decimal Classification     DR AbdElwahab Library DR AbdElwahab Library 03/01/2025   953.121 ز هـ ر 000010408 03/01/2025 03/01/2025 Books اهداء